000 01246nam a2200301 i 4500
001 164552
003 ES-MaACL
005 20250929063242.0
008 931025s1884 sp |||| | spa d
100 2 _aSánchez Calvo, Estanislao,
_dm. 1895
_9133005
245 1 4 _aLos nombres de los dioses
_b: Ra, Osiris, Belo, Jehová, Elohim, Melkarte ... : indagación acerca del origen del lenguaje y de las religiones a la luz del euskaro y de los idiomas turanianos /
_cpor Estanislao Sánchez Calvo.
260 _aMadrid :
_b[s.n.],
_c1884 (
_fImp. de Enrique de la Riva)
300 _aXVI, 526 p. ;
_c21 cm.
490 1 _aEstudios filológicos
530 _aDisponible en formato digital.
650 0 4 _aDioses.
_911910
650 4 _aLenguaje-
_xOrigen.
_9158608
650 0 4 _aReligiones-
_xHistoria
_916823
650 _aLengua vasca.
_914329
650 4 _aLenguas uraloaltaicas.
_9162867
700 1 _aRiva, Enrique de la.
_9131850
752 _aEspaña -
_dMadrid
830 0 _aEstudios filológicos
_9222357
852 _aES-MaACL
_jB-6240
_z- Enc. hol.
852 _aES-MaACL
_jD-2844
_z- Enc. hol.
856 _uhttp://bdh-rd.bne.es/viewer.vm?id=0000107201&page=1
_zBiblioteca Digital Hispánica
999 _c164552
_d164552